Logo BPK

Biblioteka

Politechniki Koszalińskiej

Mechanika pękania I / (Rekord nr 16001)

Szczegóły MARC
000 -ETYKIETA REKORDU
podpole kontrolne o stałej długości 00357nam a2200145 i 4500
001 - NUMER KONTROLNY REKORDU
pole kontrolne bg
040 ## - ŹRÓDŁO KATALOGOWANIA
Instytucja, która utworzyła rekord BPK
041 ## - KOD JĘZYKA
Kod języka tekstu pol
008 - POLE O STAŁEJ DŁUGOŚCI - DANE KONTROLNE
podpole kontrolne o stałej długości s pl f |000 0 pol
100 1# - NAZWA OSOBOWA
Nazwa osobowa WIERNIK, Ryszard
245 #0 - TYTUŁ/ODPOWIEDZIALNOŚĆ
Tytuł Mechanika pękania I /
Pozostałe elementy strefy tytułu i oznaczenia odpowiedzialności Ryszard Wiernik, Marek Zakrzewski.
260 ## - STREFA ADRESU WYDAWNICZEGO
Miejsce wydania Wrocław,
Data publikacji, dystrybucji/powstania dokumentu 1975.
700 1# - HASŁO DODATKOWE - NAZWA OSOBOWA
Nazwa osobowa ZAKRZEWSKI, Marek
856 ## - LOKALIZACJA I DOSTĘP DO ELEKTRONICZNYCH DOKUMENTÓW ZDALNYCH
Link (URL) http://koha.tu.koszalin.pl/cgi-bin/koha/opac-detail.pl?biblionumber=16001
Tekst linku Katalog online BPK
942 ## - DODATKOWE ELEMENTY (KOHA)
Typ dokumentu Książka
Egzemplarze
Wycofany Status egzemplarza Uszkodzony Dostępność Lokalizacja stała Lokalizacja bieżąca Miejsce przechowywania Sygnatura Kod kreskowy Typ dokumentu
      Dostępny Biblioteka Politechniki Koszalińskiej Biblioteka Politechniki Koszalińskiej Wypożyczalnia BG 19438 01705393 Książka
© 2023 Biblioteka Politechniki Koszalińskiej :: KOHA